Nuevo conocimiento para la integración 3

Gespeichert in:
Bibliographische Detailangaben
Hauptverfasser: Leyton G., José María (VerfasserIn), Uribe Roldán (VerfasserIn), Misas Arango, Gabriel (VerfasserIn), Rodríguez Ostria, Gustavo (VerfasserIn), Hrnández, Carlos Augusto (VerfasserIn), Nuñez Jover, Jorge (VerfasserIn)
Weitere Verfasser: González Miranda, Sergio Alberto (autor)
Format: Buch
Sprache:Spanisch
Veröffentlicht: Bogotá Convenio Andrés Bello 2007
Ausgabe:1a. ed
Schriftenreihe:La Universidad y los procesos de Integración Social
Schlagworte:
Tags: Tag hinzufügen
Keine Tags, Fügen Sie den ersten Tag hinzu!

MARC

LEADER 00000nam a2200000 a 4500
001 UCI2357
003 CL-VaPUC
008 070817e20070000CK |||||||||||||||||spa|d
020 |a 9789586982160 
082 0 4 |a 327.17  |b LEY  |2 21 
100 |a Leyton G., José María  |e author  |9 523345 
700 0 |a Uribe Roldán  |e author  |9 523346 
700 0 |a Misas Arango, Gabriel  |e author  |9 523347 
700 0 |a Rodríguez Ostria, Gustavo  |e author  |9 523348 
700 0 |a Hrnández, Carlos Augusto  |e author  |9 523349 
700 0 |a Nuñez Jover, Jorge  |e author  |9 523350 
700 |a González Miranda, Sergio Alberto  |e autor  |9 538169 
245 1 0 |a Nuevo conocimiento para la integración 3 
250 |a 1a. ed 
300 |a 176 p 
942 |c BK 
945 |d 20070817 00:00:00  |a jtorresc 
260 |a Bogotá  |b Convenio Andrés Bello  |c 2007 
650 0 |a Educación superior   |9 223851 
650 0 |a Integración latinoamericana  |9 307692 
650 0 |a Calidad de la educación   |9 307271 
650 0 |a Reforma universitaria   |9 307515 
651 0 |a América Latina   |9 255027 
583 |a last modification  |c 20070817 00:00:00  |k Rodrigo Vera 
490 0 |a La Universidad y los procesos de Integración Social 
999 |c 326960  |d 326958 
952 |0 0  |1 0  |4 0  |6 327_170000000000000_LEY_2007  |7 0  |8 A  |9 409274  |a BIBHIS  |b BIBHIS  |d 2019-11-22  |i 436435K  |o 327.17 LEY 2007  |p 436435K  |r 2025-01-20  |w 2019-11-22  |y BK  |k HIS 
952 |0 0  |1 0  |4 0  |6 327_170000000000000_LEY_2007  |7 0  |8 A  |9 409275  |a BIBHIS  |b BIBHIS  |d 2019-11-22  |i 4364368  |o 327.17 LEY 2007  |p 4364368  |r 2025-01-20  |w 2019-11-22  |y BK  |k HIS 
952 |0 0  |1 0  |4 0  |6 327_170000000000000_LEY_2007  |7 0  |8 A  |9 409276  |a BIBHIS  |b BIBHIS  |d 2019-11-22  |i 4364376  |o 327.17 LEY 2007  |p 4364376  |r 2025-01-20  |w 2019-11-22  |y BK  |k HIS 
952 |0 0  |1 0  |4 0  |6 327_170000000000000_LEY_2007  |7 0  |8 A  |9 409277  |a BIBHIS  |b BIBHIS  |d 2019-11-22  |i 4364384  |o 327.17 LEY 2007  |p 4364384  |r 2025-01-20  |w 2019-11-22  |y BK  |k HIS 
952 |0 0  |1 0  |4 0  |6 327_170000000000000_LEY_2007  |7 0  |8 A  |9 409278  |a BIBHIS  |b BIBHIS  |d 2019-11-22  |i 4560884  |o 327.17 LEY 2007  |p 4560884  |r 2025-01-20  |w 2019-11-22  |y BK  |k HIS 
952 |0 0  |1 0  |4 0  |6 327_170000000000000_LEY_2007  |7 0  |8 A  |9 409279  |a BIBHIS  |b BIBHIS  |d 2019-11-22  |i 4560892  |o 327.17 LEY 2007  |p 4560892  |r 2025-01-20  |w 2019-11-22  |y BK  |k HIS